00964nam a2200217 a 450000100100000000500170001000800410002704000250006808200200009310000360011324500480014926000700019730000200026759000760028759000260036365000280038965000310041791000380044895202430048699900170072900003246220240412074256.0110718t1999 dr 000 p spa d aDO-SdBNPbspacBNPHU aRD861.44bL864a1 aLópez Cabral, Dionisio95841610aAuras de olvido /cDionisio López Cabral. aSantiago, República Dominicana :bImprenta Quisqueya,c[199-?]. a28 p. ;c22 cm. aPerteneció a la biblioteca personal de Juan Isidro Jimenes Grullón. aInventariado, 2018/LP 0aPoesía dominicana966 0aLiteratura dominicana.967 aValidado. Control de calidad EMS. 0010718PDaPDbPDcHDd2011-07-18iLF1l0oRD861.44 L864ap32462-10r2020-06-25w2020-06-25yLFPDzPerteneció a la biblioteca personal de Juan Isidro Jimenes Grullón. Autografiado por el autor, dedicado a León David.ZNo se presta c31953d31953